|
|
|
|
| LEADER |
00000nam0a2200000 4500 |
| 001 |
38464 |
| 005 |
20231031005949.0 |
| 035 |
|
|
|a (RuTPU)RU\TPU\book\39221
|
| 090 |
|
|
|a 38464
|
| 100 |
|
|
|a 20020306d1976 k y0rusy50 ca
|
| 101 |
0 |
|
|a rus
|
| 102 |
|
|
|a RU
|
| 105 |
|
|
|a a z 001zy
|
| 200 |
1 |
|
|a Физико-химические основы производства оптического стекла
|f Под ред. Л. И. Демкиной
|
| 210 |
|
|
|a Ленинград
|c Химия
|d 1976
|
| 215 |
|
|
|a 456 с.
|c ил.
|
| 320 |
|
|
|a Библиогр. в конце глав
|
| 320 |
|
|
|a Указ.: с. 449-452
|
| 610 |
1 |
|
|a химическая технология
|
| 610 |
1 |
|
|a оптическое стекло
|
| 610 |
1 |
|
|a производство
|
| 610 |
1 |
|
|a свойства
|
| 610 |
1 |
|
|a фазовое равновесие
|
| 610 |
1 |
|
|a кристаллизация
|
| 610 |
1 |
|
|a вязкость
|
| 610 |
1 |
|
|a стекломасса
|
| 675 |
|
|
|a 666.22.01:541.1
|v 3
|
| 702 |
|
1 |
|a Демкина
|b Л. И.
|g Лидия Ивановна
|4 340
|
| 801 |
|
1 |
|a RU
|b 63413507
|c 20020306
|g PSBO
|
| 801 |
|
2 |
|a RU
|b 63413507
|c 20160726
|g PSBO
|
| 942 |
|
|
|c BK
|